000
00278nam a2200109Ia 4500
008
200302s9999 xx 000 0 und d
100
_a
David Robson
245
_a
Beyond Bawa Modern Masterworks of Monsoon Asia
260
_b
Thames and Hudson Ltd.
260
_c
2007
300
_a
264
999
_c
3614
_d
3614